Central Library OPAC University of Rajshahi

Semantic philosophy of art / (Record no. 29406)

MARC details
000 -LEADER
fixed length control field 00997nam a2200301 i 4500
001 - CONTROL NUMBER
control field 29406
003 - CONTROL NUMBER IDENTIFIER
rucl marc code BD-RjUL
005 - DATE AND TIME OF LATEST TRANSACTION
control field 20211209051417.0
008 - FIXED-LENGTH DATA ELEMENTS--GENERAL INFORMATION
fixed length control field 140403s1979 ru b 001 0 eng
035 ## - SYSTEM CONTROL NUMBER
System control number (BD-RjUL)29491
040 ## - CATALOGING SOURCE
Original cataloging agency DLC
Transcribing agency DLC
Modifying agency DLC
-- BD-RjUL
Language of cataloging eng
041 1# - LANGUAGE CODE
Language code of text/sound track or separate title engrus
082 00 - DEWEY DECIMAL CLASSIFICATION NUMBER
Classification number 700.1
Author mark and year BAS 1979
100 1# - MAIN ENTRY--PERSONAL NAME
Personal name Basin, E. I︠A︡.
Fuller form of name (Evgeniĭ I︠A︡kovlevich)
9 (RLIN) 89675
245 10 - TITLE STATEMENT
Title Semantic philosophy of art /
Statement of responsibility, etc. Yevgeny Basin ; [translated from the Russian by Christopher English].
260 ## - PUBLICATION, DISTRIBUTION, ETC. (IMPRINT)
Place of publication, distribution, etc. Moscow :
Name of publisher, distributor, etc. Progress Publishers,
Date of publication, distribution, etc. c1979.
300 ## - PHYSICAL DESCRIPTION
Pagination 248 p. ;
Size 21 cm.
500 ## - GENERAL NOTE
General note Translation of Semanticheskai︠a︡ filosofii︠a︡ iskusstva.
504 ## - BIBLIOGRAPHY, ETC. NOTE
Bibliography, etc Bibliography: p. 232-[243].
Bibliography, etc Includes index.
650 #0 - SUBJECT ADDED ENTRY--TOPICAL TERM
Topical term or geographic name as entry element Aesthetics.
9 (RLIN) 89676
Topical term or geographic name as entry element Semantics (Philosophy)
9 (RLIN) 89677
Topical term or geographic name as entry element Symbolism.
9 (RLIN) 89678
942 ## - ADDED ENTRY ELEMENTS (KOHA)
Source of classification or shelving scheme Dewey Decimal Classification
Koha item type Books
Holdings
Lost status Source of classification or shelving scheme Damaged status Not for loan Collection code Permanent Location Current Location Shelving location Date acquired Source of acquisition Total Checkouts Full call number Date last seen Copy number Koha item type
  Dewey Decimal Classification   Added to bundle Non-fiction Central Library, University of Rajshahi Central Library, University of Rajshahi Reading Room 20/10/1990 Shawkat Usman   700.1 BAS 1979 03/04/2014 C-1 Books